| 000 | 01108nam a22002657a 4500 | ||
|---|---|---|---|
| 005 | 20170124103205.0 | ||
| 010 | _aB-038515 | ||
| 020 |
_c150.00 _a8173150680 |
||
| 035 | _aB-038515 | ||
| 037 | _bCen Lib/Ret | ||
| 040 |
_aDPL _bHN |
||
| 082 |
_a616.9792 _bस्वर्णका |
||
| 100 |
_aस्वर्णकार, प्रेमचंद _945019 |
||
| 245 |
_aमहारोग एड्स / _cप्रेमचंद स्वर्णकार |
||
| 246 |
_aMaharog aids / _bby Premchand swarnkar |
||
| 260 |
_aनयी दिल्ली _bप्रभात प्रकाशन _c2001 |
||
| 270 |
_bनयी दिल्ली _a4/19 आसफ अली रोड _e110002 |
||
| 300 |
_a214पृ. _c20सेमी(अजिल्द ) |
||
| 500 | _aसन्दर्भ सूची शामिल | ||
| 650 |
_aमानव रोग _x _z _986108 |
||
| 650 |
_aमानव रोग -- एड्स _9918 |
||
| 650 |
_aHuman disease _993364 |
||
| 650 |
_aHuman disease - AIDS _993365 |
||
| 942 |
_2ddc _cHN _h616.9792 _mस्वर्णका |
||
| 999 |
_c120913 _d120913 |
||